| 000 | 00612nam a2200169 i 4500 | ||
|---|---|---|---|
| 001 | 30677 | ||
| 003 | ES-MaACL | ||
| 005 | 20230906154233.0 | ||
| 007 | t| | ||
| 008 | 030127s1957 sp ||||1| spa d | ||
| 100 | 1 |
_aBateman, Alan M. _926411 |
|
| 245 | 1 | 0 |
_aYacimientos minerales de rendimiento económico / _cAlan M. Bateman ; traducción de la segunda edición americana por José Luis Amorós. |
| 260 |
_aBarcelona : _bOmega, _c[1957] ( _fImp. Escuela de la Casa Provincial de Caridad) |
||
| 300 |
_a975 p. : _bil. ; _c22 cm. |
||
| 700 | 1 |
_aAmorós, José Luis. _921315 |
|
| 852 |
_aES-MaACL _jC-12942 _bR.41295 |
||
| 999 |
_c30677 _d30677 |
||